<?xml version="1.0" encoding="UTF-8"?>
<record
    xmlns:xsi="http://www.w3.org/2001/XMLSchema-instance"
    xsi:schemaLocation="http://www.loc.gov/MARC21/slim http://www.loc.gov/standards/marcxml/schema/MARC21slim.xsd"
    xmlns="http://www.loc.gov/MARC21/slim">

  <leader>02079    a2200229   4500</leader>
  <controlfield tag="001">26775</controlfield>
  <controlfield tag="005">20260407155545.0</controlfield>
  <controlfield tag="008">260407a1999    arg                 spa d</controlfield>
  <controlfield tag="003">AR-UNSa-BCEJYS</controlfield>
  <datafield tag="040" ind1=" " ind2=" ">
    <subfield code="a">AR-UNSa-BCEJYS</subfield>
    <subfield code="b">spa</subfield>
    <subfield code="c">AR-UNSa-BCEJYS</subfield>
  </datafield>
  <datafield tag="080" ind1=" " ind2=" ">
    <subfield code="a">658.8</subfield>
    <subfield code="x">Organizaci&#xF3;n de mercados. Marketing. Ventas. Distribuci&#xF3;n</subfield>
  </datafield>
  <datafield tag="245" ind1="1" ind2="0">
    <subfield code="a">Marketing</subfield>
    <subfield code="p">conceptos y estrategias</subfield>
  </datafield>
  <datafield tag="020" ind1=" " ind2=" ">
    <subfield code="a">84-368-1398-7</subfield>
  </datafield>
  <datafield tag="250" ind1=" " ind2=" ">
    <subfield code="a">4a. ed.</subfield>
  </datafield>
  <datafield tag="264" ind1=" " ind2="1">
    <subfield code="a">Madrid :</subfield>
    <subfield code="b">Ediciones Pir&#xE1;mide</subfield>
    <subfield code="c">1999</subfield>
  </datafield>
  <datafield tag="300" ind1=" " ind2=" ">
    <subfield code="a">1085 p.</subfield>
    <subfield code="c">24 cm.</subfield>
  </datafield>
  <datafield tag="505" ind1=" " ind2=" ">
    <subfield code="a">1&#xBA; Parte : Fundamentos: 1. Introducci&#xF3;n y conceptos b&#xE1;sicos - 2. La direcci&#xF3;n comercial - 2&#xBA; Parte: An&#xE1;lisis comercial 3. El mercado y el entorno - 4. La demanda - 5. Segmentaci&#xF3;n del mercado - 6. Comportamiento del consumidor - 7. Comportamiento de las compra de las organizaciones - 8. El sistema de informaci&#xF3;n y la investigaci&#xF3;n comercial - 3&#xBA; Parte: Estrategia de marketing : 9. Decisiones sobre el producto (I): Concepto de producto y marca - 10. Decisiones sobre el producto(II): desarrollo y evoluci&#xF3;n del producto - 11. Decisiones sobre el precio - 12. Decisiones sobre distribuci&#xF3;n (I).El sistema de distribuci&#xF3;n - 13. Decisiones sobre distribuci&#xF3;n (II): Formas y estructuras de distribuci&#xF3;n - 14. Decisiones sobre distribuci&#xF3;n(III) : Log&#xED;stica de la distribuci&#xF3;n - 15. Decisiones sobre promoci&#xF3;n/ comunicaci&#xF3;n (I): Venta personal y marketing directo - 16. Decisiones sobre promoci&#xF3;n/comunicaci&#xF3;n(II): Publicidad, relaciones p&#xFA;blicas -y promoci&#xF3;n de ventas - 17. El programa comercial: planificaci&#xF3;n, organizaci&#xF3;n y control de la estrategia de marketing - 4&#xAA; Parte: Marketing especial - 18. Marketing industrial(marketing de empresa a empresa) - 19. Marketing de servicios - 20. Marketing internacional - 21. Marketing no empresarial - 5&#xBA; Parte: Marketing y sociedad : 22. Macromarketing: marketing y sociedad. </subfield>
  </datafield>
  <datafield tag="942" ind1=" " ind2=" ">
    <subfield code="c">BK</subfield>
  </datafield>
  <datafield tag="590" ind1=" " ind2=" ">
    <subfield code="a">niveau_biblio:m niveau_hierar:0</subfield>
  </datafield>
  <datafield tag="100" ind1="1" ind2=" ">
    <subfield code="a">Santesmases Mestre, Miguel</subfield>
  </datafield>
  <datafield tag="856" ind1="4" ind2="1">
    <subfield code="u">https://170.210.207.44/pmb/images/libros/L85492.jpg</subfield>
    <subfield code="y">Imagen de portada</subfield>
    <subfield code="q">image/jpeg</subfield>
  </datafield>
  <datafield tag="999" ind1=" " ind2=" ">
    <subfield code="c">1498</subfield>
    <subfield code="d">1498</subfield>
  </datafield>
  <datafield tag="952" ind1=" " ind2=" ">
    <subfield code="0">0</subfield>
    <subfield code="1">0</subfield>
    <subfield code="4">0</subfield>
    <subfield code="7">0</subfield>
    <subfield code="a">BCEJYS</subfield>
    <subfield code="b">BCEJYS</subfield>
    <subfield code="c">16</subfield>
    <subfield code="d">2026-04-07</subfield>
    <subfield code="l">0</subfield>
    <subfield code="o">658.8 S234 4ed.</subfield>
    <subfield code="p">L85489</subfield>
    <subfield code="r">2026-04-07 15:55:45</subfield>
    <subfield code="w">2026-04-07</subfield>
    <subfield code="y">L</subfield>
  </datafield>
  <datafield tag="952" ind1=" " ind2=" ">
    <subfield code="0">0</subfield>
    <subfield code="1">0</subfield>
    <subfield code="4">0</subfield>
    <subfield code="7">0</subfield>
    <subfield code="a">BCEJYS</subfield>
    <subfield code="b">BCEJYS</subfield>
    <subfield code="c">16</subfield>
    <subfield code="d">2026-04-07</subfield>
    <subfield code="l">0</subfield>
    <subfield code="o">658.8 S234 4ed.</subfield>
    <subfield code="p">L85493</subfield>
    <subfield code="r">2026-04-07 15:55:45</subfield>
    <subfield code="w">2026-04-07</subfield>
    <subfield code="y">L</subfield>
  </datafield>
  <datafield tag="952" ind1=" " ind2=" ">
    <subfield code="0">0</subfield>
    <subfield code="1">0</subfield>
    <subfield code="4">0</subfield>
    <subfield code="7">0</subfield>
    <subfield code="a">BCEJYS</subfield>
    <subfield code="b">BCEJYS</subfield>
    <subfield code="c">16</subfield>
    <subfield code="d">2026-04-07</subfield>
    <subfield code="l">0</subfield>
    <subfield code="o">658.8 S234 4ed.</subfield>
    <subfield code="p">L85492</subfield>
    <subfield code="r">2026-04-07 15:55:45</subfield>
    <subfield code="w">2026-04-07</subfield>
    <subfield code="y">L</subfield>
  </datafield>
  <datafield tag="952" ind1=" " ind2=" ">
    <subfield code="0">0</subfield>
    <subfield code="1">0</subfield>
    <subfield code="4">0</subfield>
    <subfield code="7">0</subfield>
    <subfield code="a">BCEJYS</subfield>
    <subfield code="b">BCEJYS</subfield>
    <subfield code="c">16</subfield>
    <subfield code="d">2026-04-07</subfield>
    <subfield code="l">0</subfield>
    <subfield code="o">658.8 S234 4ed.</subfield>
    <subfield code="p">L85491</subfield>
    <subfield code="r">2026-04-07 15:55:45</subfield>
    <subfield code="w">2026-04-07</subfield>
    <subfield code="y">L</subfield>
  </datafield>
  <datafield tag="952" ind1=" " ind2=" ">
    <subfield code="0">0</subfield>
    <subfield code="1">0</subfield>
    <subfield code="4">0</subfield>
    <subfield code="7">0</subfield>
    <subfield code="a">BCEJYS</subfield>
    <subfield code="b">BCEJYS</subfield>
    <subfield code="c">16</subfield>
    <subfield code="d">2026-04-07</subfield>
    <subfield code="l">0</subfield>
    <subfield code="o">658.8 S234 4ed.</subfield>
    <subfield code="p">L85490</subfield>
    <subfield code="r">2026-04-07 15:55:45</subfield>
    <subfield code="w">2026-04-07</subfield>
    <subfield code="y">L</subfield>
    <subfield code="z">TAPA DESPEGADA -L&#xC1;PIZ - FLUOR</subfield>
  </datafield>
</record>
